Speaking Greek (Registro nro. 64883)

Detalles MARC
000 -ENCABEZADO
Número de control [NR] 01301nam a2200253Ia 4500
008 - DE LONGITUD FIJA DE DATOS DE ELEMENTOS - INFORMACIÓN GENERAL
Elementos de longitud fija [NR] 130821s2008 enk gs eng
020 ## - NUMERO INTERNACIONAL NORMALIZADO PARA LIBROS [R]
Número Internacional Normalizado del libro [NR] 9780521728966
040 ## - FUENTE DE CATALOGACION [NR]
Agencia de catalogación original [NR] Co-BoUCM
Idioma de catalogación [NR] spa
041 00 - CODIGO DE IDIOMA [R]
Código de idioma para texto/pista de sonido o título separado [R] Inglés
092 ## - SIGNATURA TOPOGRAFICA LOCAL
Número de clasificación local CD 0233
110 2# - ASIENTO PRINCIPAL--NOMBRE CORPORATIVO [NR]
Nombre corporativo o de jurisdicción como elemento de entrada [NR] Joint Association of Classical Teachers. Greek Course
245 10 - MENCION DE TITULO [NR]
Título [NR] Speaking Greek
Mención de responsabilidad, etc. [NR] [CD-ROM]
-- Joint Association of Classical Teachers. Greek Course
250 ## - MENCION DE EDICION [NR]
Mención de edición [NR] 2nd ed.
260 ## - PUBLICACION, DISTRIBUCION, ETC. (PIE DE IMPRENTA) [R]
Lugar de publicación, distribución, etc. [R] Cambridge (Inglaterra)
Nombre del editor, distribuidor, etc. [R] Cambridge University Press
Fecha de publicación, distribución, etc. [R] 2008
300 ## - DESCRIPCION FISICA [R]
Extensión [R] 1 CD-ROM.
505 ## - NOTA DE CONTENIDO CON FORMATO PREESTABLECIDO [R]
Nota de contenido con formato preestablecido [NR] DISCO 1 : Pronouncing Ancient Greek: an introduction. -- The insurance scam. -- The glorious past. -- Athens and Sparta. -- DISCO 2 : Lawlessness in Athenian life. -- Wasps / Aristophanes. -- Lysistrata / Aristophanes. -- Against Neaira / Demosthenes. -- Alkestis / Euripides. -- Against Mnesiboulos and Euergos / Demosthenes. -- Protagoras / Plato. -- The story of Adrastos / Herodotus. -- Odyssey 6 / Homer.
650 04 - ASIENTO SECUNDARIO DE MATERIA - TERMINO TEMATICO [R]
Término temático o nombre geográfico como elemento de entrada [NR] Griego
Subdivisión general [R] Gramática comparada y general
Subdivisión de forma [R] CD-ROM
9 (RLIN) 16537
650 04 - ASIENTO SECUNDARIO DE MATERIA - TERMINO TEMATICO [R]
Término temático o nombre geográfico como elemento de entrada [NR] Griego
Subdivisión general [R] Pronunciación
Subdivisión de forma [R] CD-ROM
9 (RLIN) 16537
650 04 - ASIENTO SECUNDARIO DE MATERIA - TERMINO TEMATICO [R]
Término temático o nombre geográfico como elemento de entrada [NR] Lingüística aplicada
650 04 - ASIENTO SECUNDARIO DE MATERIA - TERMINO TEMATICO [R]
Término temático o nombre geográfico como elemento de entrada [NR] Literatura griega
9 (RLIN) 76
650 04 - ASIENTO SECUNDARIO DE MATERIA - TERMINO TEMATICO [R]
Término temático o nombre geográfico como elemento de entrada [NR] Literatura griega
Subdivisión general [R] Historia y crítica
Subdivisión de forma [R] CD-ROM
9 (RLIN) 76
651 #4 - ASIENTO SECUNDARIO DE MATERIA - NOMBRE GEOGRAFICO [R]
Nombre geográfico [NR] Grecia
Subdivisión general [R] Vida social y costumbres
Subdivisión de forma [R] CD-ROM
9 (RLIN) 26629
942 ## - ELEMENTOS DE ENTRADA AGREGADOS (KOHA)
Tipo de ítem principal el descrito en 300a Multimedia
Sistema de clasificación LOCAL
Tema principal Lingüística
Edición 2
Existencias
Fecha de último préstamo Total préstamos Total Renewals Código de barras Última vez visto Volúmen / Fascículo Ejemplar Price effective from Tipo de ítem Perdido Sistema de clasificación Dañado No prestable Tipo de ítem específico Suprimido Ubicación habitual Ubicación actual Localización Fecha de creación Forma de adquisición Costo
09/09/2015 3 5 100105137 10/12/2024 CD 0233 DISCO 1 Ej.1 03/02/2013 Multimedia   DEWEY     CD-Rom   Claustro Claustro Colección digital 28/02/2010 Compra 0.00
09/09/2015 3 5 100105296 10/12/2024 CD 0233 DISCO 2 Ej.1 03/02/2013 Multimedia   DEWEY     CD-Rom   Claustro Claustro Colección digital 28/02/2010 Compra 0.00